LEADER 00675naa a2200145 i 4500 001 000000299425 003 CaOOAMICUS 005 20180831172643.0 008 180831n xx u000 u und u 013 $a7063 040 $aSeMil$bita 100 1 $aMehlhausen, Joachim.$0(OLS)http://semarc/name/19283 245 10$aEvangelische Synoden und kirchliche Lehre :$bder Schriftgebrauch bei synodalen Lehrentscheidungen. 773 0 $aEßer, Hans Helmut$tSchriftverständnis und Schriftgebrauch.$kDialog der Kirchen$z3-451-26673-3$z3-525-56931-9$w()72184 996 $6245$aEvangelische Synoden und kirchliche Lehre :$bder Schriftgebrauch bei synodalen Lehrentscheidungen$9(OLS)http://semarc/title/375445 LEADER 00777naa a2200169 i 4500 001 000000307900 003 CaOOAMICUS 005 20180831172925.0 008 180831n it u000 u ita u 013 $a16829 040 $aSeMil$bita 100 1 $aBorutti, Silvana,$d<1945- >.$0(OLS)http://semarc/name/37920 245 10$aNonsenso e astinenza ontologica. La semantica antirealistica di Wittgenstein. 600 14$aWittgenstein, Ludwig.$0(OLS)http://semarc/subject/6402 650 4$aSemantica.$0(OLS)http://semarc/subject/6585 773 0 $tFilosofia come servizio.$dMilano : V&P, 2009.$kMetafisica e storia della metafisica$z978-88-343-1847-8$gp.347-372$w()189921 996 $6245$aNonsenso e astinenza ontologica. La semantica antirealistica di Wittgenstein$9(OLS)http://semarc/title/383209